| 000 | 00844nam a2200241 i 4500 | ||
|---|---|---|---|
| 001 | 27481 | ||
| 003 | ES-MaACL | ||
| 005 | 20250914145929.0 | ||
| 007 | t| | ||
| 008 | 030114s1931 sp ||||1| spa d | ||
| 100 | 1 |
_aAzcárate, Gumersindo de, _d1840-1917 _924243 |
|
| 245 | 1 | 3 |
_aEl régimen parlamentario en la práctica / _cpor Gumersindo de Azcárate. |
| 260 |
_aMadrid : _b[s.n.], _c1931 ( _fSobrinos de la Sucesora de M. Minuesa de los Ríos) |
||
| 300 |
_a286 p. ; _c19 cm. |
||
| 505 | 8 | _aContiene: Azcárate / por Adolfo Posada, p. 1-15 | |
| 530 | _aDisponible en formato digital. | ||
| 650 | 4 |
_aParlamentarismo. _9136654 |
|
| 700 | 1 |
_aPosada, Adolfo, _d1860-1944 _993316 |
|
| 852 | 4 |
_aES-MaACL _jA-386 _cSPP1 |
|
| 856 | 4 |
_uhttps://archive.org/details/B081319 _yInternet Archive |
|
| 942 | _2udc | ||
| 999 |
_c27481 _d27481 |
||